[Event "Ortega op 5th"]
[Site "Ortega"]
[Date "2015.06.15"]
[Round "7"]
[White "Rojas, Alejandro"]
[Black "Torres, Jeysson Steve"]
[Result "0-1"]
[WhiteElo "2028"]
[BlackElo "1600"]
[PlyCount "49"]
[EventDate "2015.06.12"]
[EventType "swiss"]
[EventRounds "7"]
[EventCountry "COL"]
[SourceTitle "CBM 167 Extra"]
[Source "ChessBase"]
[SourceDate "2015.09.14"]
[SourceVersion "1"]
[SourceVersionDate "2015.09.14"]
[SourceQuality "1"]

1. e4 c6 2. d4 d5 3. Nd2 dxe4 4. Nxe4 Bf5 5. Ng3 Bg6 6. Nf3 e6 7. Bd3 Bxd3 8. Qxd3 Nf6 9. Bd2 Nbd7 10. Ne4 Be7 11. 0-0 Nxe4 12. Qxe4 0-0 13. c3 Re8 14. Rfe1 Rc8 15. Rad1 Qa5 16. a3 Qb5 17. Bc1 a5 18. Qc2 a4 19. c4 Qa6 20. Be3 b5 21. c5 h6 22. Bd2 Nf6 23. Ne5 Nd5 24. Qe4 f6 25. Bc3 0-1